I paesi più religiosi dell'UE - Statistics

Statistiche generali
  • Questo quiz è stato fatto 318 volte
    315 dall'ultimo reset
  • Il punteggio medio è 6 su 10
Statistiche sulle risposte
% Paese religioso % Corretto
74 Italia
98%
70 Portogallo
73%
79 Polonia
70%
79 Grecia
69%
94 Romania
64%
69 Croazia
47%
70 Irlanda
47%
94 Malta
36%
63 Slovacchia
34%
88 Cipro
20%
Nessun quiz corrispondente trovato
Distribuzione punteggi
Percentuale di utenti per punteggio
Percentile per numero di risposta
I tuoi punteggi nel tempo
Non hai fatto questo quiz dall'ultimo reset